Papers and comments (Record no. 13353)

000 -CABECERA
campo de control de longitud fija 00528nam#a2200193#c#4500
003 - IDENTIFICADOR DEL NÚMERO DE CONTROL
campo de control IEF
005 - FECHA Y HORA DE LA ÚLTIMA TRANSACCIÓN
campo de control 20180219151138.0
008 - CÓDIGOS DE INFORMACIÓN DE LONGITUD FIJA
campo de control de longitud fija 950601s1983 uuu####fr####|10||u| |u
040 ## - FUENTE DE LA CATALOGACIÓN
Centro catalogador de origen IEF
245 ## - MENCIÓN DE TÍTULO
Título Papers and comments
Mención de responsabilidad etc. edited by Herbert Giersch
260 ## - PUBLICACIÓN, DISTRIBUCIÓN, ETC. (PIE DE IMPRENTA)
Lugar de publicación distribución etc. Tübingen
Nombre del editor distribuidor etc. J.C.B. Mohr (Paul Siebeck)
Fecha de publicación distribución etc. 1983
300 ## - DESCRIPCIÓN FÍSICA
Extensión VII, 289 p.
Dimensiones 24 cm.
650 #4 - PUNTO DE ACCESO ADICIONAL DE MATERIA--TÉRMINO DE MATERIA
Término de materia o nombre geográfico como elemento inicial CONGRESOS, ASAMBLEAS, ETC
9 (RLIN) 40561
650 #4 - PUNTO DE ACCESO ADICIONAL DE MATERIA--TÉRMINO DE MATERIA
Término de materia o nombre geográfico como elemento inicial HACIENDA PUBLICA
9 (RLIN) 50201
700 1# - PUNTO DE ACCESO ADICIONAL--NOMBRE DE PERSONA
Nombre de persona Giersch, Herbert
9 (RLIN) 18204
942 ## - ELEMENTOS DE PUNTO DE ACCESO ADICIONAL (KOHA)
Tipo de ítem Koha Libros
942 ## - ELEMENTOS DE PUNTO DE ACCESO ADICIONAL (KOHA)
-- 51910
Holdings
Estado de retiro Estado de pérdida Estado dañado No para préstamo Localización permanente Fecha de adquisición Signatura topográfica completa Código de barras Fecha visto por última vez Precio válido a partir de Tipo de ítem Koha
      Disponible para préstamo IEF 1995-06-01 45875 45875 2018-02-19 2018-02-19 Libros

Powered by Koha